Tendencias hacia la globalización en Chile /
Salvato in:
| Autore principale: | |
|---|---|
| Natura: | Sconosciuto |
| Pubblicazione: |
Barcelona:
PAIDOS
|
| Soggetti: | |
| Tags: |
Aggiungi Tag
Nessun Tag, puoi essere il primo ad aggiungerne!!
|
MARC
| LEADER | 00000 a2200000 04500 | ||
|---|---|---|---|
| 001 | 34134 | ||
| 003 | cru CIDCACS/IIS | ||
| 005 | 20170530155303.0 | ||
| 008 | 991231s d | ||
| 020 | |a 84-493-1322-8 | ||
| 022 | |a 84-493-1322-8 | ||
| 040 | |c CIDCACS/IIS | ||
| 090 | |a 05.02.01 B496g | ||
| 100 | 1 | |a Fontaine Tavalera, Arturo |9 4938 | |
| 245 | |a Tendencias hacia la globalización en Chile / |c Arturo Fontaine Tavalera | ||
| 260 | |a Barcelona: |b PAIDOS | ||
| 300 | |a Páginas 289-336 | ||
| 650 | |a GLOBALIZACION | ||
| 650 | |a CHILE | ||
| 650 | |a LIBRE COMERCIO | ||
| 650 | |a CAMBIO ECONOMICO | ||
| 650 | |a RELIGION | ||
| 650 | |a CAMBIO CULTURAL | ||
| 700 | |a | ||
| 700 | |a | ||
| 942 | |2 ddc |c LI | ||
| 773 | 0 | |0 13210 |9 1025 |a Berger, Peter L. |d Barcelona: PAIDOS |o 00723 |t Globalizaciones múltiples : |w (cru CIDCACS/IIS)34135 |z 84-493-1322-8 | |
| 999 | |c 15231 |d 15231 | ||



